Terminologies for the Eighties : (Record no. 184410)

MARC details
000 -LEADER
fixed length control field 01067nam a22003017i 4500
005 - DATE AND TIME OF LATEST TRANSACTION
control field 20210720004116.0
008 - FIXED-LENGTH DATA ELEMENTS--GENERAL INFORMATION
fixed length control field 210720t19821983nyua|||e |||| 00| 0 eng d
020 ## - INTERNATIONAL STANDARD BOOK NUMBER
International Standard Book Number 3598213670
Qualifying information paperback
040 ## - CATALOGING SOURCE
Original cataloging agency PPAK
Language of cataloging eng
Transcribing agency PPAK
Description conventions rda
082 04 - DEWEY DECIMAL CLASSIFICATION NUMBER
Edition number 23
Classification number 418
090 00 - LOCALLY ASSIGNED LC-TYPE CALL NUMBER (OCLC); LOCAL CALL NUMBER (RLIN)
Classification number (OCLC) (R) ; Classification number, CALL (RLIN) (NR) 418
Feature heading TER
Feature heading KAO
245 00 - TITLE STATEMENT
Title Terminologies for the Eighties :
Remainder of title With a special section: 10 years of Infoterm /
Statement of responsibility, etc. [general editor International Information Centre for Terminology] ; [issue editor Wolfgang Nedobity.
264 #1 - PRODUCTION, PUBLICATION, DISTRIBUTION, MANUFACTURE, AND COPYRIGHT NOTICE
Place of production, publication, distribution, manufacture München ; London :
Name of producer, publisher, distributor, manufacturer K.G. Saur,
Date of production, publication, distribution, manufacture, or copyright notice 1982
Date of production, publication, distribution, manufacture, or copyright notice ©1982
300 ## - PHYSICAL DESCRIPTION
Extent 412 pages :
Other physical details illustrations ;
Dimensions 21 cm
336 ## - CONTENT TYPE
Source rdacontent
Content type term text
337 ## - MEDIA TYPE
Source rdamedia
Media type term unmediated
338 ## - CARRIER TYPE
Source rdacarrier
Carrier type term volume
490 1# - SERIES STATEMENT
Series statement Infoterm series ;
Volume/sequential designation 7
504 ## - BIBLIOGRAPHY, ETC. NOTE
Bibliography, etc. note Includes bibliographical references.
650 10 - SUBJECT ADDED ENTRY--TOPICAL TERM
Topical term or geographic name entry element Infoterm
Topical term or geographic name entry element Terms and phrases
Topical term or geographic name entry element Terminology
700 1# - ADDED ENTRY--PERSONAL NAME
Personal name Nedobity, Wolfgang,
Relator term editor.
710 2# - ADDED ENTRY--CORPORATE NAME
Corporate name or jurisdiction name as entry element International Information Centre for Terminology,
Relator term editor.
830 #0 - SERIES ADDED ENTRY--UNIFORM TITLE
Uniform title Infoterm series ;
Number of part/section of a work 7
942 ## - ADDED ENTRY ELEMENTS (KOHA)
Source of classification or shelving scheme Dewey Decimal Classification
Koha item type Book
Holdings
Withdrawn Not for loan Current library Shelving location Date acquired Total Checkouts Full call number Barcode Date last seen Koha item type
  Not For Loan Perpustakaan Jitra Koleksi Asmah Haji Omar 09/09/2021   KAO 418 TER KAO000492 09/09/2021 Book